Quiz o Rudzie Śląskiej - Statystyki

Ogólne statystyki
  • Ten quiz został rozwiązany 9 razy
  • Średni wynik to 8 z 15
Statystyki odpowiedzi
Pytanie Odpowiedź % Poprawnych
W jakiej konurbacji leży Ruda Śląska? Konurbacja {górnośląska}
83%
Jak nazywa się dzielnica w której znajduje się Park Wodny Aquadrom? Halemba
67%
Jak nazywa się dzielnica która kiedyś zwała się Frydenshuta? Nowy Bytom
67%
Jak się nazywa jedyna wieś z jaką Ruda Śląska graniczy? Paniówki
67%
Postać jakiej świętej jest uwidoczniona w herbie Rudy Śląskiej? święta {Barbara}
67%
Jaka jest nazwa dzielnicy która pełni funkcje najważniejszego węzła komunikacyjnego w mieście? Chebzie
50%
Jaka jest nazwa dzielnicy która powstała w 2006 roku? Czarny Las
50%
Jak nazywa się przedsiębiorca na którego cześć nazwano dzielnicę Godula? Karol Godula
50%
Jak nazywa się zabytkowe osiedle robotnicze położone na granicy dwóch przemysłowych dzielnic? Kaufhaus
50%
Jak się nazywa prezydent Rudy Śląskiej? Michał Pierończyk
50%
Jak się nazywa polska pływaczka która zdobyła złoto w Atenach w 2004 roku? Otylia Jędrzejczak
50%
Jaka jest nazwa dzielnicy wysuniętej najbardziej na północ? Ruda
50%
Jaka jest nazwa stacji tramwajowej w której dochodzi do mijanki w dzielnicy Bykowina? Bykowina {Mijanka}
33%
Jak się nazywa napastnik który strzelił najwięcej goli w polskiej Ekstraklasie? Ernest Pohl
17%
Jakiego klubu był wychowankiem ten napastnik z powyższego pytania? {Slavia} Ruda Śląska
17%
Nie znaleziono quizów pasujących do podanych kryteriów
Rozkład punktacji
Procent ludzi z każdym wynikiem
Percentyl według liczby udzielonych odpowiedzi
Twoja historia wyników
Nie rozwiązałeś tego quizu